Training young people in worship. (Record no. 12500)

000 -LEADER
fixed length control field 00571nam a2200193 a 4500
001 - CONTROL NUMBER
control field :::00010302$&:&@@
003 - CONTROL NUMBER IDENTIFIER
control field OkBaRHE
005 - DATE AND TIME OF LATEST TRANSACTION
control field 20000607103357.0
008 - FIXED-LENGTH DATA ELEMENTS--GENERAL INFORMATION
fixed length control field s1929 j 000 0 eng u
040 ## - CATALOGING SOURCE
Transcribing agency
100 1# - MAIN ENTRY--PERSONAL NAME
Personal name Shaver, Erwin L.
245 10 - TITLE STATEMENT
Title Training young people in worship.
260 ## - PUBLICATION, DISTRIBUTION, ETC. (IMPRINT)
Place of publication, distribution, etc Boston, MA., :
Name of publisher, distributor, etc The Pilgrim Press
Date of publication, distribution, etc c1929
300 ## - PHYSICAL DESCRIPTION
Extent 240 p. ;
Dimensions 19 cm.
650 ## - SUBJECT ADDED ENTRY--TOPICAL TERM
Topical term or geographic name as entry element Church Work with Youth
650 ## - SUBJECT ADDED ENTRY--TOPICAL TERM
Topical term or geographic name as entry element Youth Work
942 ## - ADDED ENTRY ELEMENTS (KOHA)
Source of classification or shelving scheme
Koha item type Books
Copies
Date last seen Copy number Withdrawn status Barcode Lost status Damaged status Source of classification or shelving scheme Shelving location Permanent Location Full call number Price effective from Not for loan Date acquired Koha item type
2010-04-141 10302   General StacksRHEMA Bible Training CollegeBV 4447 .S52010-04-14 2010-04-14Books